All about tabiat 'Tak-Pa' versi Atuk oh Atuk [ bumi binasa
| Corporate Author: | |
|---|---|
| Format: | Book |
| Language: | Malay |
| Published: |
Putrajaya :
Kementerian Sumber Asli dan Alam Sekitar ,
2007
|
MARC
| LEADER | 00000cam a2200000 7i4500 | ||
|---|---|---|---|
| 001 | 0000022446 | ||
| 005 | 20090928.0 | ||
| 008 | 090928 my g v may | ||
| 040 | |a INS | ||
| 090 | 0 | 0 | |a VCD 1751 |
| 245 | 0 | 0 | |a All about tabiat 'Tak-Pa' versi Atuk oh Atuk [ |h cakera video] : |b bumi binasa |
| 260 | |a Putrajaya : |b Kementerian Sumber Asli dan Alam Sekitar , |c 2007 | ||
| 300 | |a 1 cakera video (7 min.) : |b bny., wrn. ; |c 4 3/4 in. | ||
| 710 | 1 | |a Kementerian Sumber Asli dan Alam Sekitar | |
| 999 | |a VCD0001751 |b VIDEO CD |c Media Collection |e Default branch | ||